000 00953nam0a22002531 4500
001 rc\3057645
005 20250806202515.0
035 _a(NLR Aleph) 007196645
090 _a50533
_c50533
100 _a20111013d1942 u y0rusy50 ca
101 0 _arus
102 _aRU
105 _ay z |||||
200 1 _aНормы спецодежды для рабочих хлопчатобумажной промышленности
_fНаркомтекстиль СССР. Главмосхлоппром
210 _aМосква
_aЛенинград
_cГизлегпром
_d1942
215 _a33 с., включ. обл.
_d22 см
712 0 2 _aНародный комиссариат текстильной промышленности
_4570
801 0 _aRU
_bNLR
_gpsbo
801 1 _aRU
_bELAR
_2rusmarc
852 _aNLR
_j69-7/1666
942 _cBOOK
945 _aРоссийская национальная библиотека
980 _aNB
980 _aBV